| 000 | 00357nam a22001457a 4500 | ||
|---|---|---|---|
| 082 |
_a346.54018 _bMAH |
||
| 100 | _aMahmood, M. | ||
| 245 |
_aGuardians and Wards Act (1890) / _cM. Mahmood. |
||
| 250 | _a4th Edition. | ||
| 260 |
_aLahore: _bAl-Qanoon Publishers, _c2012. |
||
| 300 | _a492p. ; | ||
| 563 | _aHB | ||
| 650 |
_aLaw _935302 |
||
| 942 |
_2ddc _cBK |
||
| 999 |
_c612959 _d612959 |
||